000
00337 a2200109 4500
001
ART_6376
005
20260410161825.0
008
260409a
245
1
0
_a
El sistema de gobierno y dirección superior del municipio
100
1
_a
Ramírez, Norberto L.
773
0
_t
FACES
_g
- Año 7, Nº 10 (ene./abr. 2001)
_w
REV5046
999
_c
22740
_d
22740